000 00425nam a2200157 a 4500
001 000027144
005 20200930030630.0
008 110329s1993 dr 000 0 spa d
035 _a1993
040 _aDO-SdBNP
_bspa
_cBNPHU
245 0 0 _aMemorias de los concursos literarios de la AMD, 1993.
250 _aed. especial
260 _aSanto Domingo :
_bEdiciones AMD,
_c1993.
300 _a355 p. ;
_c21 cm.
049 _aBNPD
999 _c26636
_d26636